Использование электронных технологий при изучении геологических дисциплин в ТПУ; Уровневая подготовка специалистов: электронное обучение и открытые образовательные ресурсы

Dades bibliogràfiques
Parent link:Уровневая подготовка специалистов: электронное обучение и открытые образовательные ресурсы.— 2014.— [С. 49-50]
Autor principal: Краснощёкова Л. А. Любовь Афанасьевна
Autor corporatiu: Национальный исследовательский Томский политехнический университет (ТПУ) Институт природных ресурсов (ИПР) Кафедра геологии и разведки полезных ископаемых (ГРПИ), Национальный исследовательский Томский политехнический университет (ТПУ) Отдел администрирования программных комплексов (ОАПК)
Altres autors: Ряшенцев И. В. Игорь Владимирович
Sumari:Заглавие с титульного листа.
The article presents the experience of development and application of information and communication technologies in teaching geology students at Tomsk Polytechnic University. Shows the structure and features needed for research material of the electronic petrographic textbook.
Idioma:rus
Publicat: 2014
Col·lecció:Современные технологии обучения в инженерном образовании. Среда электронного обучения как инструмент организации учебного процесса
Matèries:
Accés en línia:http://earchive.tpu.ru/handle/11683/25710
http://www.lib.tpu.ru/fulltext/c/2014/C09/016.pdf
Format: MixedMaterials Electrònic Capítol de llibre
KOHA link:https://koha.lib.tpu.ru/cgi-bin/koha/opac-detail.pl?biblionumber=610091

MARC

LEADER 00000naa2a2200000 4500
001 610091
005 20260331160059.0
035 |a (RuTPU)RU\TPU\conf\7676 
035 |a RU\TPU\conf\7674 
090 |a 610091 
100 |a 20141226d2014 k y0rusy50 ca 
101 0 |a rus 
102 |a RU 
135 |a drcn ---uucaa 
181 0 |a i  
182 0 |a b 
200 1 |a Использование электронных технологий при изучении геологических дисциплин в ТПУ  |d Use of electronic technology in studying geological disciplines TPU  |f Л. А. Краснощёкова, И. В. Ряшенцев 
203 |a Текст  |c электронный 
225 1 |a Современные технологии обучения в инженерном образовании. Среда электронного обучения как инструмент организации учебного процесса 
300 |a Заглавие с титульного листа. 
330 |a The article presents the experience of development and application of information and communication technologies in teaching geology students at Tomsk Polytechnic University. Shows the structure and features needed for research material of the electronic petrographic textbook. 
337 |a Adobe Reader 
463 1 |0 (RuTPU)RU\TPU\conf\7637  |t Уровневая подготовка специалистов: электронное обучение и открытые образовательные ресурсы  |o сборник трудов I Всероссийской научно-методической конференции, 20-21 марта 2014 г., Томск  |f Национальный исследовательский Томский политехнический университет (ТПУ) ; ред. кол. А. И. Чучалин [и др.]  |v [С. 49-50]  |d 2014 
510 1 |a Use of electronic technology in studying geological disciplines TPU  |z eng 
601 0 2 |a Национальный исследовательский Томский политехнический университет (ТПУ)  |c (2009- )  |2 stltpush  |3 (RuTPU)RU\TPU\col\15902 
610 1 |a электронный ресурс 
610 1 |a труды учёных ТПУ 
610 1 |a электронные технологии 
610 1 |a геологические дисциплины 
610 1 |a коммуникационные технологии 
610 1 |a студенты 
610 1 |a научно-исследовательские работы 
610 1 |a электронные учебники 
610 1 |a петрография 
610 1 |a электронные ресурсы 
610 1 |a образовательные ресурсы 
700 1 |a Краснощёкова  |b Л. А.  |c геолог  |c доцент Томского политехнического университета, кандидат геолого-минералогических наук  |f 1969-  |g Любовь Афанасьевна  |3 (RuTPU)RU\TPU\pers\26070  |9 11908 
701 1 |a Ряшенцев  |b И. В.  |c специалист в области информатики и вычислительной техники  |c старший преподаватель Томского политехнического университета  |f 1965-  |g Игорь Владимирович  |3 (RuTPU)RU\TPU\pers\26853  |9 12472 
712 0 2 |a Национальный исследовательский Томский политехнический университет (ТПУ)  |b Институт природных ресурсов (ИПР)  |b Кафедра геологии и разведки полезных ископаемых (ГРПИ)  |3 (RuTPU)RU\TPU\col\18660 
712 0 2 |a Национальный исследовательский Томский политехнический университет (ТПУ)  |b Отдел администрирования программных комплексов (ОАПК)  |3 (RuTPU)RU\TPU\col\20232 
801 2 |a RU  |b 63413507  |c 20210408  |g RCR 
856 4 |u http://earchive.tpu.ru/handle/11683/25710 
856 4 |u http://www.lib.tpu.ru/fulltext/c/2014/C09/016.pdf 
942 |c BK